Quick Pick: 6-Letter A Words Quiz Stats

Quiz not verified by Sporcle

Challenge
Share
Tweet
Embed
Score 0/10 Timer 01:00
0 Plays Today
% Correct
afghan
95.2%
abbess
86.7%
akimbo
86.7%
acumen
85.7%
aplomb
81%
avocet
70.5%
august
69.5%
argosy
66.7%
albedo
63.8%
agouti
62.9%

You're not logged in!

Compare scores with friends on all Sporcle quizzes.
Sign Up with Email
OR
Log In

You Might Also Like...

Show Comments

Extras

Top Quizzes Today


Score Distribution

Your Account Isn't Verified!

In order to create a playlist on Sporcle, you need to verify the email address you used during registration. Go to your Sporcle Settings to finish the process.